000
00314nam a2200121Ia 4500
008
180201s9999||||xx |||||||||||||| ||und||
020
_c
NT320
_a
978-986-320-394-0
100
_a
梁旅珠
245
0
_c
梁旅珠
_a
那些旅行中的閃閃時光
250
_a
一版
260
_c
2014.02
_a
台北市
300
_c
cm.
_a
p.
942
_2
ccl
_c
BOOK
999
_c
1124
_d
1124